00643nam a2200193Ia 4500008004100000020001400041082001600055100003100071245005500102250000800157260005200165300002400217500001900241600001500260650001500275942000700290952013500297999001700432240925s9999 xx 000 0 und d a195695941 a658.007 BHA aBhattacharyya, Dipak Kumar 0aOrganizational Behavior: concepts and applications a1st aNew Delhi:bNew Oxford University Pressc,2013. a778p.bNAfOriginal aIncludes Index aManagement aManagement cBK 001040708MANaUITUbUITUd2018-12-26eBismillah BookDepotg1160.00l0o658.007 BHApQ12753r2024-09-25 07:16:36w2024-09-25yBK c15252d15252